Účtovanie bezhotovostných platieb v účtovnej jednotke bakalárska práca

Saved in:
Bibliographic Details
Main Author: Harabrínová, Paulína
Corporate Author: Fakulta hospodárskej informatiky EU. Katedra účtovníctva a audítorstva
Other Authors: Máziková, Katarína
Format: Book
Language:Slovak
Published: Bratislava 2018
Tags: Add Tag
No Tags, Be the first to tag this record!

MARC

LEADER 00000nbm a2200000 4500
001 0245399
005 20181106082911.2
041 0 |a slo 
044 |a SK 
245 1 0 |a Účtovanie bezhotovostných platieb v účtovnej jednotke  |b bakalárska práca  |c Paulína Harabrínová ; školiteľ: Katarína Máziková 
264 1 |a Bratislava  |c 2018 
300 |a 45 s. 
100 1 |a Harabrínová, Paulína 
700 1 |a Máziková, Katarína 
710 2 |a Fakulta hospodárskej informatiky EU. Katedra účtovníctva a audítorstva